Pathway To Pakistan / (Record no. 187410)
[ view plain ]
| 000 -LEADER | |
|---|---|
| fixed length control field | 01327 a2200169 4500 |
| 003 - CONTROL NUMBER IDENTIFIER | |
| control field | Nust |
| 005 - DATE AND TIME OF LATEST TRANSACTION | |
| control field | 20230406102734.0 |
| 040 ## - CATALOGING SOURCE | |
| Transcribing agency | Nust |
| 082 ## - DEWEY DECIMAL CLASSIFICATION NUMBER | |
| Classification number | 954.1,KHA |
| 100 ## - MAIN ENTRY--PERSONAL NAME | |
| Personal name | Khaliquzzaman, Choudhry |
| 9 (RLIN) | 111760 |
| 245 ## - TITLE STATEMENT | |
| Title | Pathway To Pakistan / |
| Statement of responsibility, etc. | Choudhry Khaliquzzman |
| 260 ## - PUBLICATION, DISTRIBUTION, ETC. | |
| Place of publication, distribution, etc. | pakistan |
| Name of publisher, distributor, etc. | Longmans |
| 300 ## - PHYSICAL DESCRIPTION | |
| Extent | 432:p |
| 505 ## - FORMATTED CONTENTS NOTE | |
| Formatted contents note | My Family (Page-1), Early Years in Luck now 1889-1907 (Page-5), Aligarh (Page-14), Balkan war and Medical Mission 1912-1913 (Page-20), Political Debut and First World War 1914-1916 (Page-28), Muslim League (Page-36) Khilafat and Congress (Page-51), Repression and Imprisonment (Page-60), The Simon Commission and All – Parties Conferences (Page-92), Communal Award and Unity Board 1933-34 (Page-117), The Congress-League Rift Widens 1937-38 (Page-169), Factional Disputes and the Second World War 1939 (Page-212), The Lahore Resolution 1940 (Page-230), The War Effort Controversy 1940-41 (Page-241), The Quit India Movement 1942-43 (Page-282), The Rajaji Formula 1944 (Page-308), The Election and Convention 1946 (Page-332), The Cabinet Mission Plan 1946 (Page-346), The Interim Government1946 (Page-363), Independence and Partition 1947 (Page-375), India in Ferment 1947 (Page-387), To Pakistan 1947 (Page-401). |
| 650 ## - SUBJECT ADDED ENTRY--TOPICAL TERM | |
| Topical term or geographic name entry element | Pathway To Pakistan |
| 9 (RLIN) | 111761 |
| 942 ## - ADDED ENTRY ELEMENTS (KOHA) | |
| Source of classification or shelving scheme | |
| Koha item type | Book |
| Call number prefix | 954.1,KHA |
| Withdrawn status | Lost status | Source of classification or shelving scheme | Damaged status | Not for loan | Permanent Location | Current Location | Shelving location | Date acquired | Full call number | Barcode | Date last seen | Price effective from | Koha item type | Public note |
|---|---|---|---|---|---|---|---|---|---|---|---|---|---|---|
| Military College of Signals (MCS) | Military College of Signals (MCS) | General Stacks | 12/12/2016 | 954.1,KHA | MCS29520 | 12/08/2016 | 12/12/2016 | Book | Almirah No.75, Shelf No.7 |
